000 00484nam a2200169Ia 4500
999 _c27494
_d27494
003 OSt
005 20210105142934.0
008 190216s9999||||xx |||||||||||||| ||und||
040 _coclc
082 _a894.8122
_bGOP/M
100 _aGopinath, C G
_98157
245 0 _aManasa Vacha /
_cC G Gopinath
260 _bPoorna Publication,
_c1979.
_a Kozhikode:
300 _a106p
650 _aMalayalam Nadakam
942 _cBK
_2ddc
_h894.8122
_iGOP/M
_k894.8122
_mGOP/M